GLOBALIZATION AND ECONOMIC AND FINANCIAL (Record no. 21370)

MARC details
000 -LEADER
fixed length control field 00355nam a2200133Ia 4500
008 - FIXED-LENGTH DATA ELEMENTS--GENERAL INFORMATION
fixed length control field 240624s9999 xx 000 0 und d
041 ## - LANGUAGE CODE
Language code of text/sound track or separate title eng
082 ## - DEWEY DECIMAL CLASSIFICATION NUMBER
Classification number 330 GRA
100 ## - MAIN ENTRY--PERSONAL NAME
Personal name GRAY H PETER
245 ## - TITLE STATEMENT
Title GLOBALIZATION AND ECONOMIC AND FINANCIAL
260 ## - PUBLICATION, DISTRIBUTION, ETC.
Date of publication, distribution, etc. 2005
Place of publication, distribution, etc. USA
Name of publisher, distributor, etc. Edward Elgar Publishing
300 ## - PHYSICAL DESCRIPTION
Extent xx, : 630 : p. : cm. ; 25
365 ## - TRADE PRICE
Currency code GBP
Price amount 28
Holdings
Withdrawn status Lost status Damaged status Not for loan Home library Current library Shelving location Date acquired Source of acquisition Cost, normal purchase price Full call number Barcode Date last seen Copy number Price effective from Koha item type
        IMTN IMTN Rack 4-B 05/29/2013 TB 173.00 330 GRA 21370 06/24/2024 88 06/24/2024 Books
Designed & Maintained by: LRC IMT Nagpur Contact: lrc@imtnag.ac.in© 2024. All Rights Reserved.